French verbs - Statistics

General Stats
  • This quiz has been taken 10 times
  • The average score is 4 of 6
Answer Stats
Picture Answer % Correct
lire
100%
compter
88%
regarder
88%
jouer
63%
choisir
13%
se promener
0%
No matching quizzes found
Score Distribution
Percent of People with Each Score
Percentile by Number Answered
Your Score History
You have not taken this quiz